00788nam a22002657a 4500003000500000005001700005008004100022010001000063011001000073020001500083035001100098040000900109082001600118100002800134245007100162260004200233300003100275490005900306650001900365650001500384650003000399650002000429700001400449830005900463CHAP20220329143532.0100416s1994 us r 00010 eng d a98160 a99132 a041249440X a109817 cCHAP04a519.54bB251 aBarndorff Nielsen, O.E.10aInference and asymptoticsc/by O.E. Barndorff-Nielsen and D.R. Cox aNew York, NY :bChapman & Hall,c1994 a360 p. :bgráfs., tablas 0aMonographs on Statistics and Applied Probabilityv; 5214aEstadística.14aFunciones.14aInferencia estadística.14aProbabilidades.1 aCox, D.R. 0aMonographs on Statistics and Applied Probabilityv; 52